| 000 | 00569nam a2200169 a 4500 | ||
|---|---|---|---|
| 001 | 000032242 | ||
| 005 | 20200930063542.0 | ||
| 008 | 110713s1937 pr 000 0 spa d | ||
| 040 |
_aDO-SdBNP _bspa _cBNPHU |
||
| 100 | 1 |
_aCuesta Mendoza, Antonio, _d1873 - _958304 |
|
| 245 | 1 | 0 |
_aHistoria de la educación en Puerto Rico (1512-1826) / _cAntonio C. Mendoza. |
| 260 |
_aSanto Domingo : _bListín Diario, _c1937. |
||
| 300 |
_a190 p. ; _c22 cm. |
||
| 500 | _aIncluye índice | ||
| 500 | _aIncluye referencias bibliográficas y notas al pie de las páginas | ||
| 049 | _aBNPD | ||
| 999 |
_c31733 _d31733 |
||